| 000 | 00495ntaaa2200193 4500 | ||
|---|---|---|---|
| 003 | 01 | ||
| 005 | 20251027201146.0 | ||
| 008 | 0714s1973 ag 01 | ||
| 040 |
_aAR-BaBN _bspa _cAR-BaBN _eaacr _dRIC |
||
| 082 | _a266 T21 | ||
| 100 |
_aTaylor, John V. _99407 |
||
| 245 |
_aFor all the world / _cJohn V. Taylor |
||
| 250 | _a1 ed. | ||
| 260 |
_aLondon : _bHodder and Stoughton, _cc1966 |
||
| 300 | _a94 p. | ||
| 500 | _ala misión cristiana en la era moderna | ||
| 650 | _aMisiones | ||
| 942 | _cBK | ||
| 999 |
_c5869 _d5869 |
||